Ley federal del derecho de autor (Registro nro. 14481)

Detalles MARC
000 -LIDER
fixed length control field 00875nam a2200277 a 4500
001 - NÚMERO DE CONTROL
Identificador de número de control
003 - IDENTIFICACDOR DE NÚMERO DE CONTROL
control field DO-SdBNP
005 - DATE AND TIME OF LATEST TRANSACTION
control field 20231023115600.0
008 - ELEMENTOS DE LONGITUD FIJA
fixed length control field 990428s2007 mx 000 0 spa
020 ## - ISBN
International Standard Book Number 9789685739030
040 ## - FUENTE DE CATALOGACIÓN
Agencia que crea de manera original el registro BPMSU
Agencia que realiza la transcripción BPMSU
Idioma de catalogación spa
082 #4 - NÚMERO DE CLASIFICACIÓN DECIMAL DE DEWEY
Classification number 346.7204
Item number M611L 2007
Edition number 22
110 1# - ASIENTO PRINCIPAL--NOMBRE CORPORATIVO
Nombre corporativo o de jurisdicción México.
240 ## - TITULO UNIFORME
Título uniforme [Leyes, etc]
245 10 - MENCIÓN DE TITULO
Título Ley federal del derecho de autor
250 ## - MENCIÓN DE EDICION
Mención de edición 3a. ed. reformada
260 ## - PUBLICACIÓN, DISTRIBUCIÓN, ETC. (PIE DE IMPRENTA)
Lugar de publicación, distribución, etc México, D.F. ;
Nombre del editor, distribuidor, etc. Secretaría de Ecucación Pública, ;
-- Instituto Nacional de Derecho de Autor,
Fecha de publicación, distribución, etc 2007
300 ## - DESCRIPCIÓN FÍSICA
Extensión 206 p. ;
Dimensiones 23 cm.
490 0# - MENCIÓN DE SERIES
Mención de serie Jurídica
590 ## - NOTA LOCAL
Texto de la nota local Inventariado, 2023/VM
650 #4 - ENCABEZAMIENTO DE MATERIA--TEMÁTICO
Término temático o nombre geográfico como elemento de entrada Propiedad intelectual
Subdivisión temática general Legislación
Subdivisión geográfica Mexico
710 2# - ASIENTO SECUNDARIO -- NOMBRE CORPORATIVO
Nombre corporativo o de jurisdicción Gobierno Federal(Estados Unidos Mexicanos)
710 2# - ASIENTO SECUNDARIO -- NOMBRE CORPORATIVO
Nombre corporativo o de jurisdicción Instituto Nacional de Derecho de Autor
910 ## - VALIDACIÓN
Validación VMateo V. Control de calidad. BPMSU
942 ## - ADDED ENTRY ELEMENTS (KOHA)
Source of classification or shelving scheme Dewey Decimal Classification
Koha item type Libros
Existencias
Withdrawn status Lost status Source of classification or shelving scheme Damaged status Not for loan Collection code Home library Current library Date acquired Total Checkouts Full call number Barcode Date last seen Price effective from Koha item type
    Dewey Decimal Classification     Colección General Biblioteca Pública Metropolitana Salomé Ureña Biblioteca Pública Metropolitana Salomé Ureña 10/23/2023   BPMSU CG 346.7204 M611L 2007 BPMSU23100031 10/23/2023 10/23/2023 Libros